| 000 | 00644nam a2200217 i 4500 | ||
|---|---|---|---|
| 001 | 17955 | ||
| 003 | ES-MaACL | ||
| 005 | 20250809063451.0 | ||
| 007 | t| | ||
| 008 | 010628s1961 sp |||| | spa d | ||
| 080 | _a338.8(04) | ||
| 100 | 1 |
_aTamames, Ramón, _d1933- _9237391 |
|
| 245 | 1 | 3 |
_aLa lucha contra los monopolios / _cRamón Tamames. |
| 260 |
_aMadrid : _bTecnos, _c[1961] |
||
| 300 |
_a272 p., 2 h. pleg. ; _c24 cm. |
||
| 490 | 1 |
_aSemilla y surco ; _v17 |
|
| 650 | 1 | 4 |
_aMonopolios. _915171 |
| 830 | 0 |
_aSemilla y surco _v17 _9177965 |
|
| 852 |
_aES-MaACL _jAND-39 _z. - Biblioteca Juan Andrade |
||
| 999 |
_c17955 _d17955 |
||